Central Library OPAC University of Rajshahi

Differential equations / (Record no. 6815)

MARC details
000 -LEADER
fixed length control field 00745nam a22002412 4500
001 - CONTROL NUMBER
control field 6815
003 - CONTROL NUMBER IDENTIFIER
rucl marc code UkOxU
005 - DATE AND TIME OF LATEST TRANSACTION
control field 20211208234323.0
008 - FIXED-LENGTH DATA ELEMENTS--GENERAL INFORMATION
fixed length control field 120114s1953 nyua 000 0 eng c
035 ## - SYSTEM CONTROL NUMBER
System control number OCLC ocm01356826 from D971018M
040 ## - CATALOGING SOURCE
Original cataloging agency DLC/ICU
Transcribing agency CGU
Modifying agency UKM
-- EQO
Language of cataloging eng
041 ## - LANGUAGE CODE
Language code of text/sound track or separate title eng
082 0# - DEWEY DECIMAL CLASSIFICATION NUMBER
Edition number 23
Classification number 515.35
Author mark and year RED 1963
100 1# - MAIN ENTRY--PERSONAL NAME
Personal name Reddick, Harry W.
Fuller form of name (Harry Wilfred),
Dates associated with a name 1883-
9 (RLIN) 19162
245 00 - TITLE STATEMENT
Title Differential equations /
Statement of responsibility, etc. [by] Harry W. Reddick [and] Donald E. Kibbey.
250 ## - EDITION STATEMENT
Edition statement 2nd ed.
260 ## - PUBLICATION, DISTRIBUTION, ETC. (IMPRINT)
Place of publication, distribution, etc. New York :
Name of publisher, distributor, etc. Wiley,
Date of publication, distribution, etc. 1953
300 ## - PHYSICAL DESCRIPTION
Pagination 288 p :
Illustrations ill.;
Size 22 cm.
650 #0 - SUBJECT ADDED ENTRY--TOPICAL TERM
Topical term or geographic name as entry element Differential equations.
9 (RLIN) 21410
700 1# - ADDED ENTRY--PERSONAL NAME
Personal name Kibbey, Donald E.
Fuller form of name (Donald Eugene),
Dates associated with a name 1912-
942 ## - ADDED ENTRY ELEMENTS (KOHA)
Source of classification or shelving scheme Dewey Decimal Classification
Koha item type Books
Holdings
Lost status Source of classification or shelving scheme Damaged status Not for loan Collection code Permanent Location Current Location Date acquired Source of acquisition Cost, normal purchase price Total Checkouts Full call number Date last seen Copy number Koha item type Shelving location
  Dewey Decimal Classification     Non-fiction Central Library, University of Rajshahi Central Library, University of Rajshahi 04/12/1956 SIMP MAR 10.00   515.35 RED 1963 12/01/2014 C-3 Books  
  Dewey Decimal Classification     Non-fiction Central Library, University of Rajshahi Central Library, University of Rajshahi 30/09/1959 Asia Fundation     515.35 RED 1963 04/09/2016 C-2 Books  
  Dewey Decimal Classification     Non-fiction Central Library, University of Rajshahi Central Library, University of Rajshahi 30/09/1959 Asia Fundation     515.35 RED 1963 19/09/2016 C-4 Books